00304 2200133 4500001002100000005001500021035002000036245004200056300000700098260003300105082000800138084001200146990001200158INLIS00000000000222720250527015613 a0010-0525000519 aSemua Harus Legal /cBambang Prasetyo a60 bMaraga Borneo Tarigas,c2007 a300 a300 SEM a0713265